| 000 | 00611nam a2200217Ia 4500 | ||
|---|---|---|---|
| 003 | GCL | ||
| 008 | 140319s9999 xx 000 0 ara d | ||
| 040 |
_aGCL / _cGCL |
||
| 082 | 0 | 4 |
_a001.5 _bا ج |
| 100 | 1 | _aابراهيم عبده | |
| 245 | 1 | 0 |
_aجريدة الاهرام: تاريخ وفن 1964-1875 / _cابراهيم عبده |
| 260 |
_a[S.N] : _bمؤسسة سجل العرب ، _c1964 |
||
| 300 | _a672 ص | ||
| 490 | _a | ||
| 650 | 0 | 4 | _aالصحافة |
| 650 | 0 | 4 | _aالاعلام |
| 650 | 0 | 4 | _aالدعاية |
| 650 | 0 | 4 | _aوسائل الاعلام |
| 650 | 0 | 4 | _aالنشر |
| 942 |
_2ddc _cBK |
||
| 999 |
_c35156 _d35156 |
||